|
|
|
|
| LEADER |
01038aam a22002658a 4500 |
| 001 |
00029102 |
| 005 |
20171026081025.0 |
| 008 |
120507s2011 ||||||viesd |
| 020 |
# |
# |
|a 9786047001132
|
| 041 |
0 |
# |
|a vie
|
| 082 |
1 |
4 |
|a 398.095 971 4
|b V115H
|
| 100 |
1 |
# |
|a Trần, Văn Ái
|
| 245 |
1 |
0 |
|a Văn hóa dân gian người Sán Chí ở tỉnh Thái Nguyên
|c Trần Văn Ái
|
| 260 |
# |
# |
|a Hà Nội
|b Văn Hóa Dân Tộc
|c 2011
|
| 300 |
# |
# |
|a 215tr.
|c 21cm.
|
| 500 |
# |
# |
|a ĐTTS ghi: Hội văn nghệ dân gian Việt Nam
|
| 541 |
# |
# |
|a Tặng
|
| 650 |
# |
4 |
|a Sán Chí (Dân tộc Việt Nam)
|x Đời sống xã hội và tập quán
|
| 650 |
# |
4 |
|a Văn hóa dân gian
|z Thái Nguyên
|z Việt Nam
|
| 653 |
# |
# |
|a Văn hóa Việt Nam
|
| 710 |
2 |
# |
|a Hội văn nghệ dân gian Việt Nam
|
| 852 |
# |
# |
|b Kho đọc
|j KD.0013591
|
| 852 |
# |
# |
|j KD.0013591
|
| 910 |
|
|
|d 07/05/2012
|
| 980 |
# |
# |
|a Trung tâm Học liệu Lê Vũ Hùng, Trường Đại học Đồng Tháp
|